Beach Sports by Picture - Statistics

General Stats
  • This quiz has been taken 113 times
  • The average score is 15 of 21
Answer Stats
Picture Answer % Correct
Beach Volleyball
99%
Open Water Swimming
94%
Canoeing / Kayaking
93%
Surfing
92%
Sailing
87%
Beach Soccer / Footvolley
84%
Water Polo
80%
Waterskiing / Wakeboarding
77%
Beach Cricket / Beach Baseball
76%
Jetskiing
76%
Beach Tennis / Matkot
73%
Water Sliding
73%
Ultimate Frisbee / Disc Golf
70%
Windsurfing
67%
Beach Handball
65%
Beach Hockey
55%
Standup Paddling / SUP Surfing
52%
Kitesurfing / Kiteboarding
46%
Pedalo / Paddle Boat
46%
Tubing
36%
Flyboarding
18%
No matching quizzes found
Score Distribution
Percent of People with Each Score
Percentile by Number Answered
Your Score History
You have not taken this quiz